[Event "?"]
[Site "?"]
[Date "????.??.??"]
[Round "?"]
[White "Vasquez, G."]
[Black "Obodchuk, A."]
[Result "0-1"]
[WhiteElo "2013"]
[BlackElo "2424"]
[PlyCount "72"]
[EventDate "23.??.??"]

1. Nf3 Nf6 2. g3 g6 3. Bg2 Bg7 4. O-O O-O 5. d3 d5 6. Nbd2 c5 7. e4 Nc6 8. Re1
e5 9. c3 h6 10. exd5 Nxd5 11. Nc4 Re8 12. a4 Rb8 13. Qc2 b6 14. Bd2 Bf5 15. Nh4
Be6 16. Rad1 Qd7 17. Nf3 Bf5 18. Bc1 Rbd8 19. Nfd2 Bg4 20. f3 Be6 21. Ne4 Qc7
22. Ne3 f5 23. Nf2 Nxe3 24. Bxe3 Na5 25. Qe2 Bb3 26. Ra1 Qd7 27. Qd2 g5 28. Qe2
Kh8 29. g4 f4 30. Bd2 Bxa4 31. Bf1 c4 32. Qe4 Bc6 33. Qe2 cxd3 34. Qd1 Nc4 35.
Rb1 Nxd2 36. Qxd2 Bxf3 0-1

[Event "?"]
[Site "?"]
[Date "????.??.??"]
[Round "?"]
[White "Alchinidi, Y."]
[Black "Scerbin, D."]
[Result "0-1"]
[WhiteElo "1997"]
[BlackElo "2369"]
[PlyCount "50"]
[EventDate "23.??.??"]

1. e4 c5 2. Nf3 e6 3. c3 Nf6 4. d3 Nc6 5. Bg5 h6 6. Bh4 g5 7. Bg3 Nh5 8. Ne5
Nxg3 9. Nxc6 bxc6 10. hxg3 Rb8 11. Nd2 Rxb2 12. Nc4 Rb8 13. Be2 d5 14. Ne5 Qc7
15. d4 Bg7 16. f4 cxd4 17. cxd4 Qa5+ 18. Kf1 Bxe5 19. fxe5 dxe4 20. Kg1 Rb2 21.
Kh2 h5 22. Re1 h4 23. gxh4 Rxh4+ 24. Kg1 Qc3 25. Qc1 Qxd4+ 0-1

[Event "?"]
[Site "?"]
[Date "????.??.??"]
[Round "?"]
[White "Balberov, A."]
[Black "Tsapalin, S."]
[Result "1-0"]
[WhiteElo "2366"]
[BlackElo "1975"]
[PlyCount "141"]
[EventDate "23.??.??"]

1. d4 Nf6 2. Nf3 b6 3. c4 e6 4. g3 Bb7 5. Bg2 Bb4+ 6. Bd2 Bxd2+ 7. Qxd2 d6 8.
O-O O-O 9. Nc3 Nbd7 10. d5 e5 11. e4 Re8 12. Rfe1 Nf8 13. b4 a5 14. a3 axb4 15.
axb4 Qe7 16. Nh4 g6 17. Bf3 Reb8 18. Qb2 Qd8 19. Rxa8 Rxa8 20. c5 Bc8 21. c6 h5
22. Ra1 Bh3 23. Bg2 Bxg2 24. Kxg2 N8h7 25. Nf3 Ne8 26. Rxa8 Qxa8 27. Qa2 Qxa2
28. Nxa2 Kg7 29. Nd2 f5 30. f3 Nhf6 31. Nc3 fxe4 32. fxe4 Ng4 33. Nc4 Kf8 34.
h3 Ngf6 35. Nd2 Kf7 36. Nf3 Nh7 37. Kf2 Kf6 38. Ke3 Ng5 39. Ng1 Ke7 40. h4 Nf7
41. Nf3 Nf6 42. Nb5 Kd8 43. Nd2 Ng4+ 44. Kf3 Nh2+ 45. Ke2 Ng4 46. Nc4 Nf6 47.
Ke3 Ng4+ 48. Kf3 Nh2+ 49. Ke2 Ng4 50. Nd2 Nf6 51. Kf3 Ng4 52. Nf1 Nfh6 53. Nc3
Nf7 54. Ne2 Nfh6 55. Ng1 Nf7 56. Nh3 Kc8 57. Ne3 Nxe3 58. Kxe3 Kb8 59. Kf3 Kc8
60. g4 Kd8 61. gxh5 gxh5 62. Ng5 Nh8 63. Ne6+ Kc8 64. Nf8 Kd8 65. Kf2 Kc8 66.
Kg3 b5 67. Kh3 Nf7 68. Nh7 Nh6 69. Nf6 Kd8 70. Nxh5 Ke7 71. Ng7 1-0

[Event "?"]
[Site "?"]
[Date "????.??.??"]
[Round "?"]
[White "Markov, I."]
[Black "Kevorkov, A."]
[Result "0-1"]
[WhiteElo "1917"]
[BlackElo "2212"]
[PlyCount "54"]
[EventDate "23.??.??"]

1. e4 e6 2. d4 d5 3. exd5 exd5 4. Nf3 Nf6 5. Bd3 Bg4 6. O-O Nc6 7. c3 Be7 8.
Bg5 h6 9. Bh4 g5 10. Bg3 Ne4 11. Nbd2 f5 12. Be5 Nxe5 13. dxe5 Qd7 14. Qb3
O-O-O 15. Rad1 Nxd2 16. Rxd2 Bxf3 17. gxf3 Qe6 18. Re1 f4 19. c4 d4 20. Be4 c6
21. Qc2 Rhf8 22. a3 Kb8 23. Bd3 g4 24. b4 gxf3 25. Kh1 Rf7 26. c5 Rg8 27. Rdd1
Qh3 0-1

[Event "?"]
[Site "?"]
[Date "????.??.??"]
[Round "?"]
[White "Pakhomov, A."]
[Black "Gründer, M."]
[Result "1/2-1/2"]
[WhiteElo "2377"]
[BlackElo "2009"]
[PlyCount "75"]
[EventDate "2013.??.??"]

1. d4 g6 2. c4 Bg7 3. Nc3 c5 4. d5 Bxc3+ 5. bxc3 f5 6. g4 fxg4 7. h3 Qa5 8. Qd3
d6 9. hxg4 Nf6 10. Bh3 Nbd7 11. Nf3 Nb6 12. Bg5 Bd7 13. Bxf6 exf6 14. Qe3+ Kf7
15. Nd2 Rae8 16. Qf3 Re5 17. e4 Rhe8 18. Bg2 Kg8 19. O-O Rf8 20. Qd3 Bxg4 21.
f4 Re7 22. Rfe1 Nd7 23. Qg3 h5 24. Kh1 Qc7 25. Nf1 Rg7 26. Nh2 Kf7 27. Nxg4
hxg4 28. Qxg4 f5 29. Qg3 fxe4 30. Rxe4 Nf6 31. Re6 Kg8 32. Rae1 Nh5 33. Qg5 Qf7
34. Rxd6 Nxf4 35. Qg3 Rh7+ 36. Kg1 Qf5 37. Be4 Qh5 38. Bf3 1/2-1/2

[Event "?"]
[Site "?"]
[Date "????.??.??"]
[Round "?"]
[White "Tillmann, M."]
[Black "Meshkov, I."]
[Result "0-1"]
[WhiteElo "1973"]
[BlackElo "2363"]
[PlyCount "108"]
[EventDate "2013.??.??"]

1. d4 Nf6 2. c4 e6 3. Nc3 Bb4 4. Nf3 b6 5. Qc2 Bb7 6. e3 Ne4 7. a3 Bxc3+ 8.
bxc3 f5 9. Bd3 O-O 10. a4 a5 11. Rb1 d6 12. O-O Nd7 13. Nd2 Qh4 14. f3 Ng5 15.
e4 fxe4 16. Nxe4 Nxe4 17. Bxe4 Bxe4 18. Qxe4 Qxe4 19. fxe4 Rxf1+ 20. Kxf1 Nf6
21. c5 bxc5 22. dxc5 Nxe4 23. cxd6 cxd6 24. Rb6 Rc8 25. Ba3 Nd2+ 26. Ke2 Nc4
27. Rb3 Nxa3 28. Rxa3 Rc4 29. Kd3 d5 30. Ra2 e5 31. Ra3 h5 32. Ke3 Kf7 33. Kf3
Ke6 34. Ke3 Kf5 35. Kd3 h4 36. Ra2 Rf4 37. Ke3 Ke6 38. Kd3 Kd6 39. Ke3 Kc5 40.
Kd3 h3 41. Re2 hxg2 42. Rxg2 Rf3+ 43. Kd2 Kc4 44. Rxg7 Rd3+ 45. Ke2 Kxc3 46.
Rc7+ Kd4 47. h4 Rh3 48. Rh7 e4 49. h5 Rh2+ 50. Kf1 e3 51. h6 e2+ 52. Ke1 Kd3
53. Re7 Rh1+ 54. Kf2 Rf1+ 0-1

[Event "?"]
[Site "?"]
[Date "????.??.??"]
[Round "?"]
[White "Babarykin, S."]
[Black "Denisov, D."]
[Result "1-0"]
[WhiteElo "2319"]
[BlackElo "1965"]
[PlyCount "55"]
[EventDate "2013.??.??"]

1. e4 e5 2. Nf3 Nc6 3. d4 exd4 4. Nxd4 Bc5 5. Nxc6 Qf6 6. Qf3 Qxc6 7. Nc3 Bd4
8. Nd5 Nf6 9. c3 Be5 10. Bf4 Bxf4 11. Qxf4 Nxd5 12. exd5 Qc5 13. O-O-O O-O 14.
d6 cxd6 15. Rxd6 b5 16. Bd3 Re8 17. Rd1 a5 18. Rd5 Qb6 19. Bxh7+ Kxh7 20. Rh5+
Kg8 21. Qh4 Qh6+ 22. Rxh6 gxh6 23. Rd3 Ra6 24. Rg3+ Kh7 25. Qf4 Re7 26. Qf5+
Kh8 27. Qc5 Re8 28. Qd4+ 1-0

[Event "?"]
[Site "?"]
[Date "????.??.??"]
[Round "?"]
[White "Gunajew, R."]
[Black "Krause, S."]
[Result "1-0"]
[WhiteElo "2296"]
[BlackElo "1961"]
[PlyCount "61"]
[EventDate "2013.??.??"]

1. e4 c5 2. Nf3 Nc6 3. Bd3 g6 4. O-O Bg7 5. Re1 Nf6 6. c3 O-O 7. Bc2 b5 8. d4
cxd4 9. cxd4 Bb7 10. Nc3 b4 11. Ne2 Rc8 12. d5 Na5 13. Ned4 Qc7 14. Bd2 Qb6 15.
a3 bxa3 16. Rxa3 Nc4 17. Rb3 Qc7 18. Bb4 d6 19. Bd3 Qd7 20. Qe2 Nb6 21. Bb5 Qg4
22. h3 Qh5 23. Qf1 g5 24. Nf5 Rc7 25. Nxg7 Kxg7 26. Nxg5 h6 27. Nf3 Rg8 28. Nd4
Kf8 29. Rf3 Bc8 30. Ree3 Nc4 31. Bxc4 1-0

[Event "?"]
[Site "?"]
[Date "????.??.??"]
[Round "?"]
[White "Rudolf, T."]
[Black "Dukaczewski, P."]
[Result "0-1"]
[WhiteElo "1931"]
[BlackElo "2280"]
[PlyCount "122"]
[EventDate "2013.??.??"]

1. d4 Nf6 2. Nf3 g6 3. Bf4 Bg7 4. e3 O-O 5. h3 d6 6. Be2 Nbd7 7. O-O c5 8. c3
b6 9. Nbd2 Bb7 10. a4 a6 11. Bh2 Qc7 12. Qb3 Qc6 13. Rfd1 e5 14. dxe5 Nxe5 15.
Bxe5 dxe5 16. Nc4 Nd7 17. Rd6 Qc7 18. Rad1 Bc6 19. Ng5 Rad8 20. Bg4 b5 21. axb5
axb5 22. Nxf7 h6 23. Na3 c4 24. Nxc4 Nc5 25. Qb4 Qxf7 26. f3 Rxd6 27. Rxd6 Qxc4
28. Qxc4+ bxc4 29. Rxc6 Nd3 30. Rxc4 Nxb2 31. Rc6 Kh7 32. c4 Rd8 33. f4 h5 34.
Be2 Rd2 35. Kf1 Rc2 36. g4 h4 37. f5 gxf5 38. gxf5 Bh6 39. Re6 Bxe3 40. Rxe5
Bf4 41. Re4 Bg3 42. Rg4 Rc1+ 43. Kg2 Ra1 44. c5 Rc1 45. Rb4 Rc2 46. Kf3 Kg7 47.
c6 Kf6 48. c7 Bxc7 49. Rxh4 Kxf5 50. Rb4 Be5 51. Rb3 Rd2 52. Rb4 Rd7 53. Rb3
Rd4 54. Kg2 Na4 55. Bg4+ Kg5 56. Rb5 Kf4 57. Rb3 Rd2+ 58. Kf1 Nc3 59. Rb4+ Ke3
60. Rb3 Rf2+ 61. Ke1 Rf8 0-1

[Event "?"]
[Site "?"]
[Date "????.??.??"]
[Round "?"]
[White "Stachanczyk, J."]
[Black "Badano, G."]
[Result "1/2-1/2"]
[WhiteElo "2229"]
[BlackElo "1920"]
[PlyCount "143"]
[EventDate "2013.??.??"]

1. e4 e6 2. d4 d5 3. Nc3 dxe4 4. Nxe4 Nd7 5. Nf3 Ngf6 6. Nxf6+ Nxf6 7. c3 Be7
8. Qa4+ Bd7 9. Qb3 b6 10. Ne5 O-O 11. g3 c6 12. Bg2 Qc8 13. Nxd7 Qxd7 14. O-O
Rad8 15. a4 h6 16. a5 b5 17. a6 Nd5 18. Bd2 Nb6 19. Qc2 Bd6 20. Rfe1 Nc4 21.
Bc1 c5 22. d5 e5 23. b3 Nb6 24. c4 bxc4 25. bxc4 Rb8 26. Be3 Qg4 27. Be4 Qd7
28. h4 Qc7 29. Qe2 Nd7 30. Bd2 Rfe8 31. Reb1 Rxb1+ 32. Rxb1 Rb8 33. Qd1 Rxb1
34. Qxb1 Qb6 35. Qxb6 Nxb6 36. Bd3 Na8 37. Ba5 Nc7 38. Bxc7 Bxc7 39. Kg2 Kf8
40. Kf3 Ke7 41. Ke4 Kd6 42. h5 Ba5 43. Ke3 Bb4 44. Bh7 Be1 45. g4 Ba5 46. Ke4
Bc7 47. Bg8 f6 48. Kf5 Ke7 49. Be6 Bd6 50. Bc8 Bc7 51. Bb7 Bd6 52. Bc6 Bc7 53.
Bb5 Bd6 54. Ba4 Bc7 55. Bc6 Bd6 56. Bb7 Bc7 57. Bc8 Bd6 58. f3 Bc7 59. d6+ Bxd6
60. Ke4 Bc7 61. Kd5 Bb6 62. Bf5 Ke8 63. Kd6 Kf8 64. Be6 Ke8 65. Bd5 Kf8 66. Kd7
Ba5 67. Be4 Kg8 68. Bc2 Kf8 69. Be4 Kg8 70. Ke7 Kh8 71. Kf7 Bb6 72. Bc2 1/2-1/2

[Event "?"]
[Site "?"]
[Date "????.??.??"]
[Round "?"]
[White "Mackowiak, M."]
[Black "Wenzel, A."]
[Result "1-0"]
[WhiteElo "2174"]
[BlackElo "1841"]
[PlyCount "67"]
[EventDate "2013.??.??"]

1. c4 Nf6 2. Nc3 d5 3. cxd5 Nxd5 4. g3 e5 5. Bg2 Nxc3 6. bxc3 Bd6 7. d3 O-O 8.
Nf3 Nc6 9. O-O Bd7 10. e4 Qc8 11. Re1 Kh8 12. Be3 f5 13. exf5 Bxf5 14. Ng5 h6
15. Ne4 Bh3 16. Bh1 Qf5 17. Qb3 Rab8 18. Rab1 Ne7 19. Rb2 b6 20. Nxd6 cxd6 21.
Be4 Qd7 22. c4 Nf5 23. Qd1 Rf6 24. d4 Qc7 25. Bd5 Rbf8 26. dxe5 dxe5 27. Qh5
Nxe3 28. Rxe3 Qc8 29. Qxe5 Rf5 30. Qe7 R5f6 31. Re1 Qg4 32. Qe4 Qd7 33. Qe3 Rf5
34. f3 1-0

[Event "?"]
[Site "?"]
[Date "????.??.??"]
[Round "?"]
[White "Suder, R."]
[Black "Michalowski, R."]
[Result "0-1"]
[WhiteElo "2131"]
[BlackElo "1795"]
[PlyCount "58"]
[EventDate "2013.??.??"]

1. Nf3 d5 2. b3 Nf6 3. Bb2 e6 4. e3 Be7 5. Be2 O-O 6. O-O b6 7. Ne5 Bb7 8. f4
Nbd7 9. d3 Rc8 10. Nd2 c5 11. Bf3 Nb8 12. Qe2 Nc6 13. g4 Nd7 14. Nxc6 Bxc6 15.
e4 f6 16. exd5 exd5 17. Qe6+ Kh8 18. Bxd5 Bxd5 19. Qxd5 Re8 20. Rae1 Qc7 21.
Qf7 Nf8 22. g5 c4 23. Qxc4 Qb7 24. Qa4 b5 25. Rxe7 Qxe7 26. Qxb5 Rxc2 27. gxf6
gxf6 28. Nc4 Qg7+ 29. Qg5 fxg5 0-1

[Event "?"]
[Site "?"]
[Date "????.??.??"]
[Round "?"]
[White "Migala, A."]
[Black "Russo Spena, V."]
[Result "1-0"]
[WhiteElo "2057"]
[BlackElo "1486"]
[PlyCount "57"]
[EventDate "2013.??.??"]

1. e4 g6 2. d4 Bg7 3. Nc3 d6 4. Be3 e5 5. dxe5 Bxe5 6. Qd2 h6 7. Bc4 Nc6 8.
Nge2 Na5 9. Bxf7+ Kxf7 10. Qd5+ Be6 11. Qxa5 b6 12. Qa6 Bc8 13. Qd3 Ne7 14.
O-O-O a5 15. f4 Ba6 16. Qd2 Bxc3 17. Nxc3 Ke8 18. Qd4 Rh7 19. e5 Nf5 20. Qd5
Ne7 21. Qe4 Nf5 22. exd6+ Kf8 23. dxc7 Qe8 24. Bxb6 Rd7 25. Rxd7 Qxd7 26. Qxa8+
Qc8 27. Qxc8+ Bxc8 28. Rd1 Ne7 29. Bc5 1-0

[Event "?"]
[Site "?"]
[Date "????.??.??"]
[Round "?"]
[White "Varezhkin, V."]
[Black "Hoyer, O."]
[Result "1-0"]
[WhiteElo "2182"]
[BlackElo "1889"]
[PlyCount "65"]
[EventDate "2013.??.??"]

1. d4 Nf6 2. c4 e6 3. Nc3 Bb4 4. a3 Bxc3+ 5. bxc3 O-O 6. e3 b6 7. Ne2 Bb7 8.
Ng3 d6 9. f3 Nbd7 10. Bd3 Re8 11. O-O e5 12. e4 Nf8 13. Be3 Ne6 14. Qd2 Rc8 15.
Rae1 c5 16. d5 Nf8 17. Nf5 Ng6 18. Bg5 Ne7 19. Nh6+ Kf8 20. Bxf6 gxf6 21. f4
Ng8 22. fxe5 Rxe5 23. Ng4 Rh5 24. Qf4 Kg7 25. Rf3 f5 26. Ne3 Nh6 27. exf5 Qh4
28. Qxh4 Rxh4 29. g3 Rh5 30. g4 Rh4 31. h3 Re8 32. Kf2 Ng8 33. Kg3 1-0

[Event "?"]
[Site "?"]
[Date "????.??.??"]
[Round "?"]
[White "Zimmermann, F."]
[Black "Gerasimov, A."]
[Result "0-1"]
[WhiteElo "1844"]
[BlackElo "2175"]
[PlyCount "91"]
[EventDate "2013.??.??"]

1. Nf3 c5 2. g3 g6 3. Bg2 Bg7 4. O-O Nc6 5. c4 e5 6. Nc3 Nge7 7. d3 O-O 8. Rb1
d6 9. a3 a5 10. Bd2 h6 11. h4 Be6 12. Nh2 Rb8 13. Qa4 d5 14. cxd5 Nxd5 15. Nxd5
Bxd5 16. Bxd5 Qxd5 17. Ng4 b5 18. Qd1 f5 19. Ne3 Qe6 20. Ng2 Kh7 21. b4 cxb4
22. axb4 a4 23. Bc3 Rfd8 24. Qc1 Rbc8 25. Qb2 Nd4 26. Bxd4 exd4 27. Rfc1 Rc3
28. Nf4 Qf7 29. Rxc3 dxc3 30. Qc2 g5 31. hxg5 hxg5 32. Ng2 f4 33. gxf4 gxf4 34.
d4+ Kg8 35. Qxc3 Bxd4 36. Qf3 Rf8 37. Qg4+ Qg7 38. Qe6+ Qf7 39. Qg4+ Bg7 40.
Qf3 Qg6 41. Rc1 Rf5 42. Rc6 Qf7 43. Rc8+ Kh7 44. Qd3 Qg6 45. Qh3+ Rh5 46. Qf3
0-1

[Event "?"]
[Site "?"]
[Date "????.??.??"]
[Round "?"]
[White "Checiak, K."]
[Black "Andreev, G."]
[Result "1/2-1/2"]
[WhiteElo "2149"]
[BlackElo "1808"]
[PlyCount "147"]
[EventDate "2013.??.??"]

1. e4 c6 2. d4 d5 3. Nc3 dxe4 4. Nxe4 Bf5 5. Ng3 Bg6 6. h4 h6 7. Nf3 Nd7 8. h5
Bh7 9. Bd3 Bxd3 10. Qxd3 e6 11. Bd2 Qc7 12. O-O-O Ngf6 13. Kb1 Bd6 14. Ne4 Nxe4
15. Qxe4 Nf6 16. Qe2 Bf4 17. Be1 a6 18. c4 Bd6 19. Bc3 O-O-O 20. Nd2 c5 21. Nb3
Rhe8 22. Ba5 b6 23. Bc3 Qc6 24. f3 Kb8 25. g4 Rc8 26. dxc5 Bxc5 27. g5 Nh7 28.
g6 fxg6 29. hxg6 Nf6 30. Bxf6 gxf6 31. Rxh6 Bf8 32. Rh4 f5 33. Rh8 Bg7 34. Rh7
Rc7 35. Rc1 e5 36. Qg2 Re6 37. c5 Rxg6 38. Qh3 Qf6 39. Qh2 f4 40. Qf2 Qf5+ 41.
Ka1 Rgc6 42. Rhh1 bxc5 43. Rxc5 Rxc5 44. Nxc5 Qf6 45. Ne4 Qc6 46. a3 Kb7 47.
Qd2 Bf8 48. Rd1 Be7 49. Qa5 Bc5 50. Rd3 Bd4 51. Rb3+ Ka7 52. Nc3 Rb7 53. Ka2
Rxb3 54. Kxb3 Qxf3 55. a4 Bxc3 56. bxc3 Qb7+ 57. Kc2 Qe4+ 58. Kd2 Qe3+ 59. Kc2
Qe2+ 60. Kc1 Kb7 61. Qd5+ Kc7 62. c4 f3 63. a5 f2 64. Qf7+ Kd6 65. Qf6+ Kd7 66.
Qf7+ Kd8 67. Qf8+ Kc7 68. Qe7+ Kc6 69. Qe6+ Kc7 70. Qe7+ Kc8 71. Qe8+ Kc7 72.
Qe7+ Kc6 73. Qe6+ Kc7 74. Qe7+ 1/2-1/2

[Event "?"]
[Site "?"]
[Date "????.??.??"]
[Round "?"]
[White "Kurochkina, E."]
[Black "Huss, R."]
[Result "0-1"]
[WhiteElo "1812"]
[BlackElo "2150"]
[PlyCount "74"]
[EventDate "2013.??.??"]

1. d4 Nf6 2. c4 g6 3. Nc3 d5 4. cxd5 Nxd5 5. e4 Nxc3 6. bxc3 c5 7. Bb5+ Nd7 8.
Ne2 Bg7 9. O-O O-O 10. Be3 a6 11. Bd3 b5 12. a4 c4 13. Bc2 Bb7 14. Qb1 Nf6 15.
f3 Qd7 16. axb5 axb5 17. Qb4 e6 18. Rfb1 Bc6 19. Bf4 Rfc8 20. Qb2 Nh5 21. Be3
f5 22. Qc1 fxe4 23. Bxe4 Bxe4 24. fxe4 Nf6 25. Ng3 Ng4 26. e5 Rxa1 27. Rxa1 b4
28. cxb4 Qb7 29. h3 Nxe3 30. Qxe3 Qxb4 31. Ne4 c3 32. Nc5 Bh6 33. Qd3 c2 34.
Nxe6 c1=Q+ 35. Rxc1 Rxc1+ 36. Kh2 Qc4 37. Qa3 Qxe6 0-1

[Event "?"]
[Site "?"]
[Date "????.??.??"]
[Round "?"]
[White "Balakhieva, K."]
[Black "Ghadimi, M."]
[Result "0-1"]
[WhiteElo "1802"]
[BlackElo "2146"]
[PlyCount "36"]
[EventDate "2013.??.??"]

1. e4 c5 2. Nf3 Nc6 3. c3 d5 4. e5 Bg4 5. d4 cxd4 6. cxd4 Qb6 7. h3 Bxf3 8.
Qxf3 Nxd4 9. Qc3 e6 10. a3 Nb3 11. Ra2 Bc5 12. Qc2 Nxc1 13. Qa4+ Kf8 14. Ra1
Qxb2 15. Nd2 Qxa1 16. Kd1 Nd3+ 17. Ke2 Nxf2 18. Qb5 Qd1# 0-1

[Event "?"]
[Site "?"]
[Date "????.??.??"]
[Round "?"]
[White "Malina, O."]
[Black "Bernardi, R."]
[Result "0-1"]
[WhiteElo "1790"]
[BlackElo "2109"]
[PlyCount "62"]
[EventDate "2013.??.??"]

1. e4 c5 2. Nf3 Nc6 3. Nc3 g6 4. Bc4 Bg7 5. O-O e6 6. a3 Nge7 7. Ne2 d5 8. exd5
exd5 9. Ba2 Bg4 10. Nf4 Qd6 11. Nd3 O-O 12. Nde1 Rae8 13. c3 d4 14. Qc2 Nd5 15.
h3 Bf5 16. Qd1 Nf4 17. Nh4 dxc3 18. Nxf5 gxf5 19. Rb1 Ne2+ 20. Kh1 Nxc1 21.
Rxc1 cxd2 22. Rb1 dxe1=Q 23. Qxd6 Qe5 24. Rfd1 Nd4 25. Qxe5 Rxe5 26. b4 Ne2 27.
Rd7 Nc3 28. Rb2 cxb4 29. axb4 b6 30. Rxa7 Re1+ 31. Kh2 Nb5 0-1

[Event "?"]
[Site "?"]
[Date "????.??.??"]
[Round "?"]
[White "Strekalovski, V."]
[Black "Mansursky, S."]
[Result "1-0"]
[WhiteElo "2096"]
[BlackElo "1751"]
[PlyCount "91"]
[EventDate "2013.??.??"]

1. g4 d5 2. Bg2 c6 3. e3 e5 4. b3 h6 5. Bb2 Bd6 6. Nc3 Nf6 7. h3 O-O 8. Nce2
Qc7 9. Ng3 Be6 10. N1e2 Nbd7 11. d4 g6 12. Qd2 Ne4 13. Bxe4 dxe4 14. Nxe4 Be7
15. dxe5 Nxe5 16. Qc3 Nf3+ 17. Kf1 f6 18. Nf4 Kf7 19. Nxe6 Kxe6 20. Qc4+ Kd7
21. Rd1+ Kc8 22. Qe6+ Kb8 23. Rd7 Qa5 24. Ke2 Ba3 25. Bxa3 Qxa3 26. Kxf3 a6 27.
Qd6+ Qxd6 28. Nxd6 Ra7 29. Rd1 b5 30. Rxa7 Kxa7 31. Ne4 Kb6 32. b4 f5 33. Nc5
fxg4+ 34. Ke2 Ra8 35. Rd7 Ra7 36. Rxa7 Kxa7 37. hxg4 Kb6 38. f4 a5 39. a3 a4
40. e4 Kc7 41. e5 Kd8 42. Kf3 Ke7 43. f5 g5 44. Ke4 Kf7 45. e6+ Kf6 46. Nd7+
1-0

[Event "?"]
[Site "?"]
[Date "????.??.??"]
[Round "?"]
[White "Napierala, M."]
[Black "Strzelecki, J."]
[Result "0-1"]
[WhiteElo "1737"]
[BlackElo "2094"]
[PlyCount "90"]
[EventDate "2013.??.??"]

1. e4 c5 2. f4 e6 3. Nf3 Nc6 4. b3 Qf6 5. Nc3 a6 6. g3 d6 7. Bb2 Bd7 8. Bg2
O-O-O 9. Qe2 Nd4 10. Nxd4 cxd4 11. Qc4+ Kb8 12. Ne2 e5 13. a4 Rc8 14. Qd3 Ne7
15. c3 Nc6 16. O-O Qg6 17. fxe5 dxe5 18. cxd4 Nb4 19. Qb1 Bg4 20. Bf3 Nc2 21.
Ra2 Bxf3 22. Rxf3 Qxe4 23. Kf2 Qd5 24. Rc3 Nxd4 25. Rxc8+ Kxc8 26. Bxd4 exd4
27. Qd3 Kb8 28. Rc2 Bc5 29. Nf4 Qd6 30. Rc4 Rd8 31. Qxh7 d3+ 32. Kf3 g5 33.
Nxd3 Bb6 34. Ke2 Qd7 35. h3 Qe6+ 36. Qe4 Qxh3 37. Qe5+ Ka8 38. Nf2 Qg2 39. d4
f5 40. a5 Ba7 41. Qe7 Qd5 42. Qxg5 Bxd4 43. Qe7 Ba7 44. Nh3 Qd3+ 45. Ke1 Qd1#
0-1

[Event "?"]
[Site "?"]
[Date "????.??.??"]
[Round "?"]
[White "Sponheim, M."]
[Black "Mende, H."]
[Result "1-0"]
[WhiteElo "2093"]
[BlackElo "1730"]
[PlyCount "39"]
[EventDate "2013.??.??"]

1. e4 c5 2. Nf3 Nc6 3. d4 cxd4 4. Nxd4 g6 5. Nc3 Bg7 6. Be3 d6 7. Qd2 Nf6 8. f3
Bd7 9. O-O-O O-O 10. h4 h5 11. Bh6 Ne5 12. g4 hxg4 13. h5 Bxh6 14. Qxh6 Nxh5
15. f4 Nc6 16. Rxh5 gxh5 17. Qg5+ Kh8 18. Qxh5+ Kg7 19. Qg5+ Kh7 20. Be2 1-0

[Event "?"]
[Site "?"]
[Date "????.??.??"]
[Round "?"]
[White "Grudina, M."]
[Black "Gerasimova, O."]
[Result "1-0"]
[WhiteElo "1718"]
[BlackElo "2089"]
[PlyCount "83"]
[EventDate "2013.??.??"]

1. e4 c5 2. Nf3 Nc6 3. d4 cxd4 4. Nxd4 g6 5. Be3 Bg7 6. Nc3 Nf6 7. f3 d6 8. Qd2
O-O 9. O-O-O a6 10. g4 Nxd4 11. Bxd4 Be6 12. h4 Nd7 13. Bxg7 Kxg7 14. h5 Rh8
15. h6+ Kf8 16. g5 Qa5 17. a3 Rc8 18. Bh3 Bxh3 19. Rxh3 Ne5 20. f4 Nc4 21. Qd4
Rg8 22. Nd5 Qc5 23. Qxc5 Rxc5 24. Rc3 f5 25. gxf6 e6 26. Ne7 Rh8 27. Rxd6 Nxd6
28. Rxc5 Kf7 29. e5 Nb5 30. a4 b6 31. Rc8 Rxc8 32. Nxc8 Nd4 33. Kd2 Nf5 34.
Nd6+ Nxd6 35. exd6 Kxf6 36. b4 Kf7 37. c4 Ke8 38. Ke3 Kd7 39. c5 a5 40. bxa5
bxc5 41. a6 Kc6 42. a7 1-0

[Event "?"]
[Site "?"]
[Date "????.??.??"]
[Round "?"]
[White "Chernov, I."]
[Black "Vinciguerra, R."]
[Result "1/2-1/2"]
[WhiteElo "2086"]
[BlackElo "1624"]
[PlyCount "67"]
[EventDate "2013.??.??"]

1. d4 b6 2. e4 Bb7 3. Nc3 e6 4. Be3 g6 5. Qd2 Bg7 6. h3 h6 7. O-O-O d6 8. f4
Ne7 9. Nf3 a6 10. Bd3 Nd7 11. f5 exf5 12. exf5 g5 13. g4 Bxf3 14. Be4 Bxe4 15.
Nxe4 d5 16. Nxg5 hxg5 17. f6 Bxf6 18. Rde1 Rg8 19. Rhf1 Rg6 20. h4 gxh4 21. g5
Bh8 22. Qf2 Bf6 23. Qxh4 Nf8 24. gxf6 Nc8 25. Bg5+ Ne6 26. Rxe6+ Kd7 27. Re7+
Nxe7 28. fxe7 Qh8 29. Qg4+ Re6 30. Rxf7 Qh1+ 31. Kd2 Qe1+ 32. Kd3 Qe4+ 33. Qxe4
dxe4+ 34. Ke3 1/2-1/2

[Event "?"]
[Site "?"]
[Date "????.??.??"]
[Round "?"]
[White "Visco, M."]
[Black "Kireeva, L."]
[Result "1-0"]
[WhiteElo "1515"]
[BlackElo "2061"]
[PlyCount "76"]
[EventDate "2013.??.??"]

1. c4 f5 2. Nc3 Nf6 3. d3 c6 4. e3 g6 5. Be2 Bg7 6. Bd2 O-O 7. Nf3 d6 8. O-O
Qe8 9. h3 e5 10. Re1 Nbd7 11. d4 e4 12. Nh2 a6 13. d5 cxd5 14. cxd5 b5 15. b4
Bb7 16. Qb3 Rc8 17. a3 Nb6 18. Rad1 Kh8 19. Nf1 Nfxd5 20. Nxd5 Bxd5 21. Qb1 Bc4
22. Bxc4 Nxc4 23. Qb3 Ne5 24. Re2 Rc4 25. Kh1 Qc6 26. Be1 d5 27. Red2 Nd3 28.
Ng3 Rc3 29. Qa2 Qc4 30. Ne2 Qxa2 31. Rxa2 Rc4 32. Rad2 Rfc8 33. Nf4 Nxf4 34.
exf4 d4 35. Kh2 Kg8 36. g3 d3 37. Ra2 Rc2 38. Rxc2 dxc2 1-0

[Event "?"]
[Site "?"]
[Date "????.??.??"]
[Round "?"]
[White "Zimmer, R."]
[Black "Petrov, A."]
[Result "1-0"]
[WhiteElo "1424"]
[BlackElo "2039"]
[PlyCount "93"]
[EventDate "2013.??.??"]

1. e4 c5 2. Nf3 d6 3. c4 Nc6 4. d4 cxd4 5. Nxd4 Nf6 6. Nc3 g6 7. Be2 Bg7 8. Be3
O-O 9. f3 Bd7 10. Qd2 a6 11. O-O Ne5 12. Rac1 Rc8 13. Nd5 Nxd5 14. cxd5 Rxc1
15. Rxc1 Qb8 16. h3 f6 17. f4 Nf7 18. b4 Rc8 19. Ne6 Bxe6 20. dxe6 Nd8 21. f5
Rxc1+ 22. Qxc1 Nc6 23. b5 axb5 24. Bxb5 Ne5 25. a4 gxf5 26. exf5 Bf8 27. Bd7 b6
28. Qc8 Qxc8 29. Bxc8 Nc4 30. Bf2 Bh6 31. Ba6 Ne3 32. g4 d5 33. Bg3 Nc4 34. Kf2
Be3+ 35. Ke2 Bc5 36. Bxc4 dxc4 37. Kd2 Bb4+ 38. Kc2 Kf8 39. Bf4 Ke8 40. Bd2 Bc5
41. Kc3 Kd8 42. Kxc4 Kc7 43. h4 Bf2 44. g5 fxg5 45. hxg5 Kd6 46. Bf4+ Kc6 47.
g6 1-0

[Event "?"]
[Site "?"]
[Date "????.??.??"]
[Round "?"]
[White "Turkeeva, Y."]
[Black "Kohnen, K."]
[Result "1-0"]
[WhiteElo "2039"]
[BlackElo "1399"]
[PlyCount "115"]
[EventDate "2013.??.??"]

1. e4 e5 2. Nf3 Nc6 3. Bb5 d6 4. c3 Bd7 5. d3 Nf6 6. Nbd2 a6 7. Ba4 b5 8. Bc2
Be7 9. Nf1 Qc8 10. Ng3 h6 11. O-O O-O 12. Qe2 Nh7 13. Rd1 Bf6 14. Nh5 Bg4 15.
Nxf6+ Nxf6 16. h3 Bxf3 17. Qxf3 Qd8 18. Be3 Nh7 19. Qg3 Qf6 20. Bb3 Ne7 21. Qg4
Rad8 22. a4 Qg6 23. Qxg6 Nxg6 24. axb5 axb5 25. Ra7 Rc8 26. g3 Nf6 27. Rb7 c6
28. Ra1 Ra8 29. Bxf7+ Kh7 30. Rxa8 Rxa8 31. Ra7 Rxa7 32. Bxa7 d5 33. f3 Nf8 34.
Bc5 N8d7 35. Bd6 g6 36. Be6 Kg7 37. Kf2 h5 38. Ke3 g5 39. d4 exd4+ 40. cxd4 Nb6
41. b3 Nfd7 42. Be7 Kg6 43. Bf5+ Kh6 44. e5 h4 45. gxh4 gxh4 46. f4 Kg7 47.
Bxh4 c5 48. e6 cxd4+ 49. Kxd4 Nf6 50. Ke5 Ne8 51. Bd3 Nc8 52. Bxb5 Ncd6 53.
Bxe8 Nxe8 54. f5 Kf8 55. Bf2 Kg7 56. b4 Nc7 57. f6+ Kf8 58. Bc5+ 1-0